000 00319nam a22001217a 4500
999 _c12775
_d12775
020 _a9781447140160
082 _a658.406
100 _aRotini Federico,Borigianni Yuri & Cascini Gaetano
245 _aRe-engineering of Products and Processes
260 _aLondon UK
_bSpringer
_c2012
300 _a164 pages
942 _cBK